Çağdaş dünya tarihi (Record no. 579)

MARC details
000 -BAŞLIK
Sabit Uzunlukta Kontrol Alanı 00667na a2200253 4500
001 - KONTROL NUMARASI
Denetim Alanı 14395
003 - KONTROL NUMARASI IDENTIFIER
Denetim Alanı MIRAKIL
005 - SON İŞLEM TARİHİ VE ZAMANI
Denetim Alanı 20181213154754.0
008 - SABİT-BOY VERİ ELEMANLARI - GENEL BİLGİLER
Sabit Uzunlukta Kontrol Alanı 160827b tu 000 0
020 ## - ULUSLARARASI STANDART KİTAP NUMARASI
Uluslararası Standart Kitap Numarası 9789750136306
040 ## - KATALOGLAMA KAYNAK
Orijinal Kataloglama Ajansı Milas
Kataloglama Dili tur
Metne Dönüştürmek Ajansı TR-AnCHP
082 ## - DEWEY ONLU SINIFLANDIRMA NUMARASI
Sınıflandırma Numarası 909
Ürün Numarası Ç48ç 2008
090 ## - SINIFLAMA NUMARASI
Sınıflama Numarası 909 Ç48ç 2008
100 ## - ANA GİRİŞ - KİŞİSEL İSİM
Kişisel Ad Çıvgın, İzzet
245 ## - BAŞLIK TABLOSU
Başlık Çağdaş dünya tarihi
Sorumluluk Tablosu, Vb İzzet Çıvgın, Remzi Yardımcı
250 ## - EDITION TABLOSU
Baskı Beyanı 2. bs.
260 ## - YAYIN, DAĞITIM, VB
Yayın, Dağıtım, Vb Yeri Ankara
Yayıncı, Dağıtıcı, Vs Adı Maya Akademi
Yayın, Dağıtım, Vb Tarihi 2008
300 ## - FİZİKSEL TANIM
Kapsam 291 s.
Diğer Fiziksel Ayrıntıları grf.; hrt.
Boyutlar 24 sm.
490 ## - SERİSİ TABLOSU
Seri Beyanı Maya
Hacim / Ardışık Tanımı 1
504 ## - KAYNAKÇA VB NOT
Kaynakça Vb Notu Kaynakça var.
650 ## - KONU KATMA GİRİŞ - TOPİKAL DÖNEM
Topikal Süreli Veya Coğrafi Ad Giriş Elemanı Dünya tarihi
700 ## - KATMA GİRİŞ - KİŞİSEL İSİM
Kişisel Ad Yardımcı, Remzi
942 ## - EKLENDİ GİRİŞ ELEMANLARI (KOHA)
Sınıflandırma Veya Raf Düzeni Kaynak Dewey Decimal Classification
Koha Öğesi Türü Books
999 ## - SİSTEM KONTROL NUMARALARI (KOHA)
Koha Biblionumber 579
Koha Biblioitemnumber 579
Holdings
Kalıcı Konum Mevcut Konum Edinme Tarihi Edinim Kaynak Toplam Check-Out'Lar Tam Çağrı Numarası Barkod Tarih Son Görülme İtibaren Geçerli Fiyatlar Koha Öğesi Türü
CHP Kütüphanesi CHP Kütüphanesi 08/27/2016 Bağış   909 Ç48ç 2008 001995 08/27/2016 08/27/2016 Books